Statistiques concernant Les lois insolites

Cliquez ici pour prendre le quiz!

Statistiques générales

  • Ce quiz a été pris 108 fois
  • Le résultat moyen est 4 sur 15

Statistiques - réponses

QuestionRéponse% Correct
En France, il est impératif de posséder chez soi :Une botte de foin
73%
Dans l'Alabama, il est proscrit de :Jouer aux dominos le dimanche
47%
En Uruguay, un mari surprenant sa femme en train de le tromper peut :Lui couper le nez et castrer son amant
44%
Aux Philippines, les voitures dont la plaque d'immatriculation se termine par 1 ou 2 ne peuvent pas :Circuler le lundi 3 ou 4, le mardi 5 ou 6, le mercredi 7 ou 8, le jeudi 9 ou 10 de chaque mois
41%
A Newcastle, Wyoming, il ne vous sera pas permisD'avoir un rapport sexuel dans le congélateur à viande d'un magasin
34%
Non à la violence ! A York, il est interdit de tuer un Ecossais à moins que :Ce dernier porte un arc et des flèches
33%
Au Paraguay, il est légal de se battre en duel, mais uniquement lorsque :Les duellistes sont enregistrés comme donneurs de sang
31%
En Jordanie, le gouvernement conseille une fréquence de rapports sexuels de :Une fois tous les 4 mois au moins
31%
En Chine, les moines tibétains se voient dans l'interdiction de :Se réincarner sans l'autorisation du gouvernement
26%
Malgré 800 kilomètres de distance à la mer, l'Oklahoma interdit :La pêche à la baleine
21%
A Liverpool, une femme ne peut travailler seins nus. A l'exception du cas où :Elle est vendeuse dans un magasin de poissons tropicaux
19%
Dans l'Indiana, il est possible de ne pas payer pour assister à un concert de piano si :Le pianiste est manchot
15%
A La Nouvelle-Orléans, une femme n'est autorisée à conduire qu'à la condition que :Son mari coure devant son véhicule en agitant un drapeau rouge
13%
A Cottonwood, Alabama, il est interdit de faire l'amour dans une voiture si :L'une de ses roues est crevée
12%
En Pennsylvanie, les bouches d'incendie doivent être vérifiées1h avant chaque incendie
11%

Distribution des résultats

Percentile par nombre de réponses

% des personnes avec chaque résultat

Votre développement - résultats

Vous n’avez pas pris ce quiz